Piel de policía / (Record no. 181406)

MARC details
000 -LEADER
campo de control de longitud fija 00782nam a2200229 i 4500
001 - NÚMERO DE CONTROL
campo de control 181406
003 - IDENTIFICADOR DE NÚMERO DE CONTROL
campo de control ES-MaACL
005 - FECHA Y HORA DE LA ÚLTIMA TRANSACCIÓN
campo de control 20251009173343.0
008 - DATOS DE LONGITUD FIJA--INFORMACIÓN GENERAL
campo de control de longitud fija 130114s2011 sp | |||||||| | spa d
080 ## - NÚMERO DE LA CLASIFICACIÓN DECIMAL UNIVERSAL
Número de la Clasificación Decimal Universal 821.134.2-31"19"
100 1# - ENTRADA PRINCIPAL--NOMBRE DE PERSONA
Nombre de persona Martín, Andreu.
9 (RLIN) 77266
245 10 - MENCIÓN DEL TÍTULO
Título Piel de policía /
Mención de responsabilidad, etc. Andreu Martín y Carles Quílez.
260 ## - PUBLICACIÓN, DISTRIBUCIÓN, ETC.
Lugar de publicación, distribución, etc. [Madrid] :
Nombre del editor, distribuidor, etc. Diario Público,
Fecha de publicación, distribución, etc. D.L. 2011.
300 ## - DESCRIPCIÓN FÍSICA
Extensión 2 v. (137, 171 p.) ;
Dimensiones 18 cm.
490 1# - MENCIÓN DE SERIE
Mención de serie Colección Novela negra
700 1# - ENTRADA AGREGADA--NOMBRE PERSONAL
Nombre de persona Quílez, Carles,
Fechas asociadas al nombre 1966-
9 (RLIN) 152049
830 0# - PUNTO DE ACCESO ADICIONAL DE SERIE-TÍTULO UNIFORME
Título uniforme Novela negra
9 (RLIN) 191448
852 ## - LOCALIZACIÓN
Ubicación ES-MaACL
Número de control de estantería A-12429
Designación de la unidad física v.1
itemnumber 188306
Sublocalización o colección R.148373
Ubicación en estantería Depósito 1
Signatura antigua Olim: N-5434
852 ## - LOCALIZACIÓN
Ubicación ES-MaACL
Número de control de estantería A-12430
Designación de la unidad física v.2
itemnumber 200608
Sublocalización o colección R.148373
Ubicación en estantería Depósito 1
Signatura antigua Olim: N-5435
942 ## - ELEMENTOS DE ENTRADA SECUNDARIOS (KOHA)
Fuente del sistema de clasificación o colocación Clasificación decimal universal
Tipo de ítem Koha Libro impreso
Holdings
Estatus retirado Estado de pérdida Fuente del sistema de clasificación o colocación Estado de daño No para préstamo Biblioteca de origen Biblioteca actual Ubicación en estantería Fecha de adquisición Fuente de adquisición Enumeración/cronología de publicación seriada Total de préstamos Signatura topográfica completa Código de barras Visto por última vez Precio de reemplazo Tipo de ítem Koha
    Clasificación decimal universal     Biblioteca del Ateneo de Madrid Biblioteca del Ateneo de Madrid Depósito 1 14/01/2013 Donación v.1   A-12429 1190647 23/02/2023 23/02/2023 Libro impreso
    Clasificación decimal universal     Biblioteca del Ateneo de Madrid Biblioteca del Ateneo de Madrid Depósito 1 14/01/2013 Donación v.2   A-12430   10/10/2023 23/02/2023 Libro impreso